Score 0/30 Timer 06:00
9 Plays Today
Jumble Answer % Correct
Islands of the worldMADAGASCAR
92.7%
Asia's urban areasJAKARTA
88.2%
Asia's urban areasDELHI
87.8%
World capitals (altitude >2,000m)BOGOTÁ
83.6%
World capitals (altitude >2,000m)ADDIS ABABA
82.7%
Cities bordering the Great LakesCHICAGO
82.2%
Asia's urban areasBEIJING
82%
Cities bordering the Great LakesTORONTO
80.4%
National flags depicting birdsZIMBABWE
79.9%
Islands of the worldTAIWAN
78%
Cities bordering the Great LakesMILWAUKEE
74.4%
National flags depicting birdsKAZAKHSTAN
70.4%
World capitals (altitude >2,000m)SANA'A
69.6%
Tectonic platesSOUTH AMERICAN
69.3%
Islands of the worldHONSHŪ
69%
Jumble Answer % Correct
National flags depicting birdsUGANDA
68.4%
National flags depicting birdsKIRIBATI
68%
Asia's urban areasSHANGHAI
65%
Islands of the worldSUMATRA
63%
Cities bordering the Great LakesDULUTH
62%
Tectonic platesCARIBBEAN
57.4%
Tectonic platesARABIAN
53.3%
Tectonic platesPACIFIC
53.1%
World capitals (altitude >2,000m)THIMPHU
51.5%
Asia's urban areasKARACHI
47.7%
National flags depicting birdsGUATEMALA
46.7%
World capitals (altitude >2,000m)ASMARA
40.6%
Islands of the worldLUZON
38.6%
Tectonic platesNAZCA
30.6%
Cities bordering the Great LakesHAMILTON
18.4%
Remove Ads.
Support Sporcle.
Get the best of Sporcle when you Go Orange. This ad-free experience offers more features, more stats, and more fun while also helping to support Sporcle. Thank you for becoming a member.

You're not logged in!

Compare scores with friends on all Sporcle quizzes.
OR
Log In

Sporcle TV

Today on Sporcle TV


Watch our educational content, quiz creation guides, and fun videos on Sporcle TV.

Show Comments

Extras

Top Quizzes Today


Score Distribution

Paid Content

Your Account Isn't Verified!

In order to create a playlist on Sporcle, you need to verify the email address you used during registration. Go to your Sporcle Settings to finish the process.

Report this User

Report this user for behavior that violates our Community Guidelines.

Details: